00811 2200253 4500001002100000005001500021035002000036007000300056008004100059020002200100082001200122084001800134100002200152245012500174250001600299260002900315300004500344500007100389650003200460700002200492700002100514990001100535990001100546INLIS00000000000596520200716105143 a0010-0720000133ta200716 g 0 ind  a978-979-062-233-3 a155.413 a155.413 SLA p0 aSLAVIN, Robert E.1 aPsikologi Pendidikan :bTeori dan Praktik /cRobert E. Slavin; penerjemah, Marianto Samosir; penyunting, Bambang Sarwiji aed.9, cet.2 aJakarta :bIndeks,c2017 ajil.2, xxix, 365 hlm. :bilus. ;c28 cm. aJudul asli : Educational Psychology : Theory and Practice, 9th ed. 4aPSIKOLOGI ANAK - PENDIDIKAN0 aSAMOSIR, Marianto0 aBAMBANG, Sarwiji a7549 a a7549 b